| 000 | 00436nam a2200145 a 4500 | ||
|---|---|---|---|
| 001 | 3177 | ||
| 003 | CDMR | ||
| 005 | 20130326195603.0 | ||
| 008 | 130130s1999||||||||||||||||||||||||||||d | ||
| 040 |
_aCDMR _bcat _cCDMR |
||
| 100 | 1 |
_aMusons i Agell, Albert _9299 |
|
| 245 | 1 | 0 |
_aPregoners d'una vila lliure _b: història de la premsa gracienca _cAlbert Musons i Agell |
| 260 |
_aBarcelona _c1999 _bTaller d'Història de Gràcia |
||
| 942 |
_cMON _2udc |
||
| 999 |
_c3177 _d3177 |
||